| Tag |
First Indicator |
Second Indicator |
Subfields |
| LEADER |
00000cam a2200000 a 4500 |
| 001 |
in00000015262 |
| 005 |
20151007053023.0 |
| 007 |
he bmb||||||| |
| 008 |
871224r19871984orua bb 00010 eng d |
| 035 |
|
|
|a (OCoLC)17285516
|
| 035 |
|
|
|9 AAB0078AM
|
| 040 |
|
|
|a ORU
|c XBM
|d XBM
|d HPE
|d TXA
|d UtOrBLW
|
| 049 |
|
|
|a TXAI
|
| 099 |
|
|
|a fiche
|a C
|a 10448
|
| 100 |
1 |
|
|a Worthy, Phyllis Delores,
|d 1953-
|
| 245 |
1 |
3 |
|a An analysis of fundamental motor skills of urban black and urban white children of middle childhood age /
|c by Phyllis Delores Worthy.
|
| 264 |
|
1 |
|a [Place of publication not identified] :
|b [publisher not identified] ;
|c 1984.
|
| 300 |
|
|
|a xxvii, 375 leaves :
|b illustrations
|
| 336 |
|
|
|a text
|b txt
|2 rdacontent
|
| 337 |
|
|
|a microform
|b h
|2 rdamedia
|
| 338 |
|
|
|a microfiche
|b he
|2 rdacarrier
|
| 502 |
|
|
|b Ph. D.
|c Ohio State University
|d 1984.
|
| 504 |
|
|
|a Bibliography: leaves 266-271.
|
| 533 |
|
|
|a Microfiche.
|b Eugene :
|c Microform Publications, College of Human Development and Performance, University of Oregon,
|d 1987.
|e 5 microfiches : negative ; 11 x 15 cm.
|
| 500 |
|
|
|a Microform.
|
| 650 |
|
0 |
|a Motor ability in children
|x Comparative studies.
|
| 650 |
|
0 |
|a City children
|x Comparative studies.
|
| 650 |
|
0 |
|a African American children.
|
| 999 |
|
|
|a MARS
|
| 999 |
f |
f |
|s c2f0a93f-45b1-345f-bfcc-c552efec85a9
|i a746ae38-b4bf-3239-85f7-48e2141d8d8c
|t 0
|
| 952 |
f |
f |
|p default
|a Texas A&M University
|b College Station
|c Sterling C. Evans Library
|d Evans: Microforms (3rd floor)
|t 0
|e fiche C 10448
|h Other scheme
|i microform -- microfiche
|
| 998 |
f |
f |
|a fiche C 10448
|t 0
|l Evans: Microforms (3rd floor)
|